000
00331nam a2200145Ia 4500
008
230917s9999||||xx |||||||||||||| ||und||
040
_e
96739
_a
MAIN
041
_a
English
082
_a
380 R827F
100
_a
Ruchi
245
0
_a
Financing of small scale industry at Sonepat
260
_c
1998
300
_a
44 p.
942
_c
TH
999
_c
88496
_d
88496